| 000 | 00812nam a2200193 a 4500 | ||
|---|---|---|---|
| 008 | 060316s1980 ||||||||||||||||| || u | ||
| 020 | _a0566021226 | ||
| 050 | _aHF 5549.5.T7 Bre | ||
| 100 | _aGarratt, Bob | ||
| 245 | 1 | 0 |
_aBreaking down barriers : practice and priorities for international management education / _cedited by Bob Garratt |
| 260 |
_aFarnborough, Eng. : _bGower for the Association of Teachers of Management _c1980 |
||
| 300 | _axvi, 333 p. | ||
| 350 | _a0.00 | ||
| 500 | _aIncludes bibliography | ||
| 650 | _aEXECUTIVES - TRAINING OF- CONGRESSES | ||
| 700 | _aStopford, John M | ||
| 710 | _aAssociation of Teachers of Management | ||
| 995 |
_D0.00 _FCBU-MAIN LIBRARY (Kitwe) _H1 _I21.45 _UAVAILABLE _ZAnnex Low-Usage Collection |
||
| 999 |
_c36103 _d36103 |
||